El proceso / (Registro nro. 6599)

Detalles MARC
000 -LEADER
fixed length control field 00641nam a22002177a 4500
003 - CONTROL NUMBER IDENTIFIER
control field OSt
005 - DATE AND TIME OF LATEST TRANSACTION
control field 20250421121043.0
008 - FIXED-LENGTH DATA ELEMENTS--GENERAL INFORMATION
fixed length control field 200225s1984 cl ||||er|||| 00| f spa d
040 ## - CATALOGING SOURCE
Original cataloging agency CO-JMCR
Transcribing agency CO-JMCR
041 0# - LANGUAGE CODE
Language code of text/sound track or separate title spa
082 04 - DEWEY DECIMAL CLASSIFICATION NUMBER
Classification number A-N
Item number KAFp
Edition number 23
100 1# - MAIN ENTRY--PERSONAL NAME
Personal name Kafka, Franz,
Relator term autor
9 (RLIN) 535
245 13 - TITLE STATEMENT
Title El proceso /
Statement of responsibility, etc. Franz Kafka
250 ## - EDITION STATEMENT
Edition statement Primera edición
260 ## - PUBLICATION, DISTRIBUTION, ETC.
Place of publication, distribution, etc. Santiago de Chile :
Name of publisher, distributor, etc. Editorial Andrés Bello,
Date of publication, distribution, etc. 1984
300 ## - PHYSICAL DESCRIPTION
Extent 307 páginas ;
Dimensions 19 cm.
490 0# - SERIES STATEMENT
Series statement Club de Lectores Andrés Bello ;
Volume/sequential designation 71
650 14 - SUBJECT ADDED ENTRY--TOPICAL TERM
Topical term or geographic name entry element Novela checoslovaca
Chronological subdivision Siglo XX
9 (RLIN) 922
650 14 - SUBJECT ADDED ENTRY--TOPICAL TERM
Topical term or geographic name entry element Procesos (Derecho)
General subdivision Novela
9 (RLIN) 923
942 ## - ADDED ENTRY ELEMENTS (KOHA)
Source of classification or shelving scheme Dewey Decimal Classification
Koha item type Books
Existencias
Withdrawn status Lost status Source of classification or shelving scheme Damaged status Not for loan Collection code Home library Current library Date acquired Source of acquisition Total Checkouts Total Renewals Full call number Barcode Date last seen Date last checked out Copy number Price effective from Koha item type
    Dewey Decimal Classification     Non-fiction Biblioteca Pública José María del Castillo y Rada Biblioteca Pública José María del Castillo y Rada 05/25/2019 Donación 8 1 A-N KAFp 201809911 07/30/2025 07/29/2025 Ej.1 10/13/2020 Books